000 00429nam a2200169Ia 4500
008 230711s9999||||xx |||||||||||||| ||und||
020 _a81-8189-164-3
041 _aPAN
082 _a630
_bSW-P
100 _aSwaminathan, C.
245 0 _aPanchgavya Boon Organic Farming
260 _c2007
_aLucknow
_bInternational Book Distributing Co.
300 _a94p.
650 _aAgriculture
700 _aSwaminathan, V.
942 _cBK
999 _c7583
_d7583